书目信息 |
| 题名: |
太阳能采暖设计原理与技术
|
|
| 作者: | 刘艳峰, , 王登甲 著 | |
| 分册: | ||
| 出版信息: | 北京 中国建筑工业出版社 2016.03 |
|
| 页数: | 153页 | |
| 开本: | 21cm | |
| 丛书名: | ||
| 单 册: | ||
| 中图分类: | TU832.1 | |
| 科图分类: | ||
| 主题词: | 太阳能采暖--tai yang neng cai nuan | |
| 电子资源: | ||
| ISBN: | 978-7-112-18885-7 | |
| 000 | 01170nam0 2200277 450 | |
| 001 | 1642016437 | |
| 005 | 20190311113936.92 | |
| 010 | @a978-7-112-18885-7@dCNY25.00 | |
| 100 | @a20160810d2016 em y0chiy50 ea | |
| 101 | 0 | @achi |
| 102 | @aCN@b110000 | |
| 105 | @aak a 000yy | |
| 200 | 1 | @a太阳能采暖设计原理与技术@Atai yang neng cai nuan she ji yuan li yu ji shu@f刘艳峰, 王登甲著 |
| 210 | @a北京@c中国建筑工业出版社@d2016.03 | |
| 215 | @a153页@c图@d21cm | |
| 312 | @a英文题名取自封面 | |
| 314 | @a刘艳峰, 1971年生, 西安建筑科技大学环境与市政工程学院副院长, 教授, 博士生导师, 博士后, 荷兰代尔夫特理工大学访问学者。 | |
| 320 | @a有书目 (第152-153页) | |
| 330 | @a本书作者针对以低温热利用为主的太阳能采暖技术, 基于对建筑和设备系统热过程的数学描述, 通过大量模拟计算和实测分析, 并侧重于以热量蓄调改善建筑热环境的稳定性, 建立技术原理、形成优化设计方法。 | |
| 510 | 1 | @aDesign principle and technology of solar heating@zeng |
| 606 | 0 | @a太阳能采暖@Atai yang neng cai nuan |
| 690 | @aTU832.1@v5 | |
| 701 | 0 | @a刘艳峰,@Aliu yan feng@f1971-@4著 |
| 701 | 0 | @a王登甲@Awang deng jia@4著 |
| 801 | 0 | @aCN@c20160810 |
| 905 | @a河南城建学院图书馆@dTU832.1@eL701@f3 | |
| 太阳能采暖设计原理与技术/刘艳峰, 王登甲著.-北京:中国建筑工业出版社,2016.03 |
| 153页:图;21cm |
| ISBN 978-7-112-18885-7:CNY25.00 |
| 本书作者针对以低温热利用为主的太阳能采暖技术, 基于对建筑和设备系统热过程的数学描述, 通过大量模拟计算和实测分析, 并侧重于以热量蓄调改善建筑热环境的稳定性, 建立技术原理、形成优化设计方法。 |
| ● |
| 相关链接 |
|
|
|
正题名:太阳能采暖设计原理与技术
索取号:TU832.1/L701
 
预约/预借
| 序号 | 登录号 | 条形码 | 馆藏地/架位号 | 状态 | 备注 |
| 1 | 1244200 | 212442007 | 建筑库201/201建筑库 52排3列1层/ [索取号:TU832.1/L701] | 在馆 | |
| 2 | 1279718 | 212797188 | 建筑库201/201建筑库 52排3列1层/ [索取号:TU832.1/L701] | 在馆 | |
| 3 | 1279719 | 212797197 | 建筑库201/201建筑库 52排3列1层/ [索取号:TU832.1/L701] | 在馆 | |
| 4 | 1279720 | 212797204 | 建筑库201/201建筑库 52排3列1层/ [索取号:TU832.1/L701] | 在馆 |